Catálogo
 En Linea

Retiro de espiritualidad comunitaria: (Registro nro. 28706)

Detalles MARC
000 -CABECERA
campo de control de longitud fija 01052nam a2200277 i 4500
001 - NÚMERO DE CONTROL
campo de control 000029214
003 - IDENTIFICADOR DEL NÚMERO DE CONTROL
campo de control DO-SdBNP
005 - FECHA Y HORA DE LA ÚLTIMA TRANSACCIÓN
campo de control 20231107111248.0
006 - CÓDIGOS DE INFORMACIÓN DE LONGITUD FIJA--CARACTERÍSTICAS DEL MATERIAL ADICIONAL
campo de control de longitud fija a||||gr|||| 00| 0
007 - CAMPO FIJO DE DESCRIPCIÓN FÍSICA--INFORMACIÓN GENERAL
campo de control de longitud fija ta
008 - DATOS DE LONGITUD FIJA--INFORMACIÓN GENERAL
campo de control de longitud fija 110414t2002 dr a 000 0 spa d
040 ## - FUENTE DE LA CATALOGACIÓN
Centro catalogador/agencia de origen DO-SdBNP
Lengua de catalogación spa
Centro/agencia transcriptor BNPHU
Normas de descripción rda
082 #4 - NÚMERO DE LA CLASIFICACIÓN DECIMAL DEWEY
Número de edición 22
Número de documento/Ítem R438e
245 00 - MENCIÓN DE TÍTULO
Título Retiro de espiritualidad comunitaria:
Resto del título una nueva manera de ser (dimensión sacerdotal de la iglesia). /
264 ## - PRODUCCIÓN, PUBLICACIÓN, DISTRIBUCIÓN, FABRICACIÓN Y COPYRIGHT
Producción, publicación, distribución, fabricación y copyright Santo Domingo :
Nombre del de productor, editor, distribuidor, fabricante Búho,
Fecha de producción, publicación, distribución, fabricación o copyright 2002
300 ## - DESCRIPCIÓN FÍSICA
Extensión v. :
Otras características físicas Ilustraciones ;
Dimensiones 21 cm.
336 ## - TIPO DE CONTENIDO
Fuente rdacontent
Término de tipo de contenido texto
Código de tipo de contenido txt
337 ## - TIPO DE MEDIO
Fuente redamedia
Nombre/término del tipo de medio sin mediación
Código del tipo de medio n
338 ## - TIPO DE SOPORTE
Fuente rdacarrier
Nombre/término del tipo de soporte volumen
Código del tipo de soporte nc
500 ## - NOTA GENERAL
Nota general Hacia el tercer Plan de Pastoral.
505 ## - NOTA DE CONTENIDO CON FORMATO
Nota de contenido con formato v.1
Título Retiro de espiritualidad comunitaria.--
-- Un nuevo modo de ver: Pueblo Profético.
505 ## - NOTA DE CONTENIDO CON FORMATO
Nota de contenido con formato v.2
Título Retiro de espiritualidad comunitaria.--
-- Una nueva manera de ser (dimensión sacerdotal de la iglesia).
590 ## - NOTA LOCAL (RLIN)
Nota local Inventariado 2023 / MF
710 2# - PUNTO DE ACCESO ADICIONAL--NOMBRE DE ENTIDAD CORPORATIVA
Nombre de entidad corporativa o nombre de jurisdicción como elemento de entrada Instituto Nacional de Pastoral, (República Dominicana)
9 (RLIN) 76482
942 ## - ELEMENTOS DE PUNTO DE ACCESO ADICIONAL (KOHA)
Fuente del sistema de clasificación o colocación Dewey Decimal Classification
Tipo de ítem Koha Libro
Existencias
Estado de retiro Estado de pérdida Fuente del sistema de clasificación o colocación Restricciones de uso No para préstamo Código de colección Localización permanente Ubicación/localización actual Ubicación en estantería Fecha de adquisición Total de préstamos Signatura topográfica completa Código de barras Fecha visto por última vez Número de copia Precio válido a partir de Tipo de ítem Koha Fuente de adquisición
    Dewey Decimal Classification Préstamo en sala   Dominicana de Servicio Biblioteca Nacional Pedro Henríquez Ureña Biblioteca Nacional Pedro Henríquez Ureña En catalogación 14.04.2011   R438 29214-30 25.06.2020 v.1, e. 3 25.06.2020 Libro  
    Dewey Decimal Classification Préstamo en sala   Dominicana de Servicio Biblioteca Nacional Pedro Henríquez Ureña Biblioteca Nacional Pedro Henríquez Ureña En catalogación 14.04.2011   R438 29214-40 25.06.2020 v.1, e. 4 25.06.2020 Libro  
    Dewey Decimal Classification Excluido de préstamo   Patrimonio Dominicano Biblioteca Nacional Pedro Henríquez Ureña Biblioteca Nacional Pedro Henríquez Ureña En catalogación 14.04.2011   R438 29214-10 25.06.2020 v.1 25.06.2020 Libro  
    Dewey Decimal Classification Préstamo en sala   Patrimonio Dominicano Biblioteca Nacional Pedro Henríquez Ureña Biblioteca Nacional Pedro Henríquez Ureña En catalogación 14.04.2011   R438 29214-20 25.06.2020 v.1,e. 2 25.06.2020 Libro  
    Dewey Decimal Classification Excluido de préstamo   Patrimonio Dominicano Biblioteca Nacional Pedro Henríquez Ureña Biblioteca Nacional Pedro Henríquez Ureña En catalogación 16.12.2021   M935u 2023-7618 07.11.2023 v.2, e.1 07.11.2023 Libro Donado por Colegio Nuestra Señora de la Lourdes
    Dewey Decimal Classification Excluido de préstamo   Patrimonio Dominicano Biblioteca Nacional Pedro Henríquez Ureña Biblioteca Nacional Pedro Henríquez Ureña En catalogación 16.12.2021   M935u 2023-7619 07.11.2023 v.2, e.2 07.11.2023 Libro Donado por Colegio Nuestra Señora de la Lourdes

Con tecnología Koha